| 000 | 00681nam a22002057a 4500 | ||
|---|---|---|---|
| 005 | 20251006152141.0 | ||
| 020 |
_a9789976780765 _cTZS 10,000/= |
||
| 040 |
_aMCCL _beng. _eAACR 2nd rev. ed. |
||
| 082 | _a336.2 NAT | ||
| 110 | _aThe National Board of Accountants and Auditors Tanazania (NBAA) | ||
| 245 |
_aB4 public finance and taxation: _bstudy text _c/ The National Board of Accountants and Auditors Tanazania (NBAA) |
||
| 260 |
_aDar es Salaam: _bNational Board of Accountants and Auditors, _cc2019. |
||
| 300 |
_aca vi, 458 p.: _bill.; _c30 cm. |
||
| 546 | _aeng. | ||
| 650 | _aPublic finance | ||
| 650 | _aTax law | ||
| 650 | _aIncome tax | ||
| 710 | _aNBAA | ||
| 942 | _cBK | ||
| 999 |
_c12136 _d12136 |
||